000 00588nam a2200157 i 4500
001 70991
003 ES-MaACL
005 20230906171003.0
007 t|
008 040804s1927 sp ||||1| spa d
100 1 _aGascón y Miramón, Antonio.
_955868
245 1 0 _aDinamarca agrícola y cooperativa
_b: el ejemplo de un pais salvado y enriquecido por la instrucción, el acceso del pueblo a la tierra y la cooperación agrícola /
_cAntonio Gascón y Miramón.
260 _aMadrid :
_b[s.n.,
_c1927] (
_fSuc. de Rivadeneyra)
300 _a326 p. ;
_c23 cm.
852 _aES-MaACL
_jF-3276
999 _c70991
_d70991